000 00362nam a2200133Ia 4500
005 20260328104245.0
008 260328s9999||||xx |||||||||||||| ||und||
100 _aNadal Mora, Vicente
245 0 _aLa Arquitectura tradicional de Buenos Aires 1536-1870. /
_cVicente Nadal Mora
260 _bEl Ateneo
300 _a239 p.
650 _aARGENTINA
942 _cBK
999 _c10021
_d10021